00901nam a2200181 a 450000100100000000500170001000800410002704000250006808200140009311000610010724500400016826000530020830000200026195201920028195201120047395201170058599900170070200003411020240307073950.0110923s1967 dr r 000 0 spa d aDO-SdBNPbspacBNPHU axxxbR4261 aRepública Dominicana.b Junta Central Electoral96460510aHomenaje a los padres de la patria. aSanto Domingo :bJunta Central Electoral,c1967. a77 p. ;c19 cm. 001054708DSaGRbGRcHDd2019-06-21iLF1l0oxxx R426p34110-30r2020-06-25te.3w2020-06-25yLFDSzPerteneció a la biblioteca personal de la familia Reyes Duluc.ZPréstamo en sala 0010718PDaPDbPDcHDd2011-09-23iLF1l0oxxx R426p34110-10r2020-06-25w2020-06-25yLFPDZNo se presta 0010718PDaPDbPDcHDd2011-09-23iLF1l0oxxx R426p34110-20r2020-06-25te.2w2020-06-25yLFPDZNo se presta c33601d33601